000 01564nam a22003977a 4500
003 CHAP
005 20220329143617.0
008 100913s2010 mx r 00010 spa d
010 _a99254
011 _a100226
035 _a110912
040 _cCHAP
090 _aTesis
100 1 _aMandujano Medina, Rogelio
_970359
245 1 0 _aDosis de lombricomposta y sus lixiviados naturales y enriquesidos con extracto de algas en el desarrollo de plántulas de Cariaca papaya L.
_c/por Rogelio Mandujano Medina
260 _aChapingo, Méx. :
_bEl autor,
_c2010
300 _aii, 49 h. :
_bcuadros, figura, gráfs.
502 _aTesis (Ing. en Agroecologia) -- UACH. Departamento de Enseñanza, Investigación y Servicio en Agroecología
530 _aTambién disponible en línea
590 _aALEPH
_b10
_c20130110
_lUCH01
_h1536
590 _aBATCH-UPD
_b10
_c20130110
_lUCH01
_h0936
590 _aBATCH-UPD
_b10
_c20130410
_lUCH01
_h0554
590 _aBATCH-UPD
_b10
_c20130914
_lUCH01
_h0046
590 _aBATCH-UPD
_b10
_c20140324
_lUCH01
_h1519
590 _aBATCH-UPD
_b10
_c20141002
_lUCH01
_h0844
590 _aCONVERSION
_b10
_c20130109
_lUCH01
_h1355
650 1 4 _aAlgas como abono.
_93954
650 1 4 _aExtractos vegetales.
_939214
650 1 4 _aLombrices como compost.
_967519
650 1 4 _aPapaya
_xVeracruz.
_985362
650 1 4 _aPlántulas
_xGerminación.
_989195
856 _3Finding aid
_uhttp://10.13.5.2/tesis/110912.pdf
_zTeclea aqui
901 _aBK
942 _cTESIS
949 _aTesis
_bBC
_cTES
_d33724002216941
_eTS1
_gDonaciØn
_h51070
_i110912
_sb
999 _c99254
_d99254